Etudes sur le portrait impérial romain en Egypte /

محفوظ في:

المؤلف الرئيسي: Kiss, Zsolt (مؤلف)

مؤلفون آخرون: Berger, Maria M.

التنسيق: كتاب

اللغة: French

منشور في: Varsovie : Editions scientifiques de Pologne, 1984.

سلاسل: Travaux du Centre d'archéologie méditerranéenne de l'Académie polonaise des sciences ; 23.

الموضوعات:

الوسوم: إضافة وسم

لا توجد وسوم, كن أول من يضع وسما على هذه التسجيلة!

رقم الطلب: NB1305 .E3 K5 1984

LEADER 01165namaa2200301 4500
001 25383
003 OSt
005 20250911114017.0
008 130303s1984 pl a b 001 0 fre d
010 |a 84229618 
020 |a 8301036214 
040 |c ARCE Library 
043 |a f-ua---  |a e-it--- 
050 4 |a NB1305 .E3 K5 1984 
100 1 |a Kiss, Zsolt,   |e author  |9 33994 
245 1 0 |a Etudes sur le portrait impérial romain en Egypte /   |c Zsolt Kiss ; [rédacteur, Maria M. Berger]. 
264 1 |a Varsovie :   |b Editions scientifiques de Pologne,   |c 1984. 
300 |a 204 pages :   |b illustrations ;   |c 26 cm. 
490 1 |a Travaux du Centre d'archéologie méditerranéenne de l'Académie polonaise des sciences ;   |v 23. 
500 |a Title on added title page : Studia nad rzymskim portretem cesarksim w Egipcie. 
504 |a Includes bibliographical references and index. 
650 0 |a Portrait sculpture, Roman  |z Egypt. 
650 0 |a Emperors  |z Rome  |v Portraits. 
700 1 |a Berger, Maria M. 
830 0 |a Travaux du Centre d'archéologie méditerranéenne de l'Académie polonaise des sciences ;   |v 23. 
901 |a reviewed 
942 |c BK  |2 lcc 
999 |c 23812  |d 23812